000 00298nam a22001217a 4500
082 _a621.3881 ANI'B
100 _aANIL K, MAINI
_910359
245 _aBASIC TELEVISION, TRANSMISSION AND RECEPTION MONOCHROME AND COLOR
250 _a3RD
260 _aDELHI
_bCBS
_c1990
300 _aVP
942 _cBK
999 _c575146
_d575146